000 00794nam a2200253 a 4500
003 DO-SdBNP
005 20240306172149.0
007 ta
008 230221t19821983|||||||gr|||| 001 fdspa d
020 _a8422615444
040 _aDO-SdBNP
_bspa
_cBNPHU
082 4 _222
_aCh863.44
_bA432c, 1983
100 1 _aAllende, Isabel,
_d1942-
_924166
245 1 3 _aLa casa de los espíritus /
_cIsabel Allende.
250 _aedición no abreviada
260 _aEspaña :
_bCírculo de Lectores,
_c1983
300 _a363 p. ;
_c21 cm.
500 _aIncluye datos biográficos de la autora en la solapa de la contraportada
590 _aInventariado 2023 / MF
650 4 _aLiteratura chilena
_93164
650 4 _aNovela chilena
_93163
910 _aValidado. Control de calidad MFF
942 _2ddc
_cLBS1
999 _c53133
_d53133